| 000 | nam a22 7a 4500 | ||
|---|---|---|---|
| 999 |
_c15483 _d15483 |
||
| 008 | 161101b xxu||||| |||| 00| 0 eng d | ||
| 020 | _a0874777054 | ||
| 050 | _aHQ 1206 .B295 1992 | ||
| 100 |
_aBatten, Mary _d1992 |
||
| 245 |
_aSexual Strategies: _bHow Female Choose their Mates/ _cMary Batten |
||
| 260 |
_aNew York: _bG. P. Putnam's Sons, _c1992. |
||
| 300 |
_axix,248p.: _bill.; |
||
| 521 | _aIncludes bibliographical references and index. | ||
| 650 | _aWomen- Psychology. | ||
| 650 | _aMate Selection. | ||
| 650 | _aCourtship of Animals. | ||
| 942 |
_2lcc _cBOOKS _hHQ 1206 .B295 1992 |
||